书目信息 |
| 题名: |
世界地理学史
|
|
| 作者: | 杨文衡 主编 | |
| 分册: | ||
| 出版信息: | 吉林 吉林教育出版社 1994 |
|
| 页数: | 700页 | |
| 开本: | 20cm | |
| 丛书名: | ||
| 单 册: | ||
| 中图分类: | K90-09 | |
| 科图分类: | ||
| 主题词: | 地理 | |
| 电子资源: | ||
| ISBN: | 7-5383-2493-3 | |
| 000 | 00516nam0 2200181 450 | |
| 001 | 0736196517 | |
| 005 | 20070924100316.51 | |
| 010 | @a7-5383-2493-3@d¥20.00 | |
| 100 | @a20070924d km y0chiy0120 ea | |
| 101 | 0 | @achi |
| 200 | 1 | @a世界地理学史@Ashi jie di li xue shi@f杨文衡 主编@Fyang wen heng zhu bian |
| 210 | @a吉林@c吉林教育出版社@d1994 | |
| 215 | @a700页@d20cm | |
| 606 | 0 | @a地理 |
| 690 | @aK90-09@v3 | |
| 701 | 0 | @a杨文衡@Ayang wen heng@4主编 |
| 801 | 0 | @aCN@bPFT@c20070924 |
| 905 | @a213230@dK90-09@eZY19@f1 | |
| 世界地理学史/杨文衡 主编.-吉林:吉林教育出版社,1994 |
| 700页;20cm |
| ISBN 7-5383-2493-3:¥20.00 |
| ● |
| 相关链接 |
|
|
|
|
正题名:世界地理学史
索取号:K90-09/ZY19
 
预约/预借
| 序号 | 登录号 | 条形码 | 馆藏地/架位号 | 状态 | 备注 |
| 1 | 7900517 | 279005176 | 密集书库-资源管理系/ [索取号:K90-09/ZY19] | 在馆 |